| 000 | 00761nam a2200181 i 4500 | ||
|---|---|---|---|
| 001 | 150508 | ||
| 003 | ES-MaACL | ||
| 005 | 20250916063053.0 | ||
| 007 | t| | ||
| 008 | 071031s1929 sp ||||1| spa d | ||
| 100 | 1 |
_aValdés, Juan de, _dca. 1509-1542 _9154741 |
|
| 245 | 1 | 0 |
_aDiálogo de doctrina cristiana / _cJuan de Valdés ; nuevamente compuesto por un religioso, dirigido al muy ilustre señor D. Diego López Pacheco, marqués de Villena. |
| 250 | _aImpreso en 1529 en Alcalá de Henares y publicado nuevamente con motivo del cuarto centenario Madrid. | ||
| 260 |
_a[Madrid : _bJ. Sánchez Ocaña], _c1929 ( _eAlcalá de Henares : _fMiguel de Eguía) |
||
| 300 |
_a141 p. ; _c18 cm. |
||
| 852 |
_aES-MaACL _jA-4088 |
||
| 999 |
_c150508 _d150508 |
||